000
00303nam a22001337a 4500
008
170527b xxu||||| |||| 00| 0 eng d
020
_a
3540128883
041
_a
eng
080
_a
007.52
100
_a
27
101
_a
IM
245
_a
ROBOTICS AND ARTIFICIAL INTELLIGENCE
_c
BRADY, M
942
_2
udc
_c
BK
999
_c
14676
_d
14676